Κατάλογος Βιβλιοθηκών Mediterranean College

Quantitative Concepts for Management / Decision Making Without Algorithms: Third Edition (Record no. 1009)

MARC details
000 -LEADER
fixed length control field 02351cam a22002414a 4500
005 - ΗΜΕΡΟΜΗΝΙΑ ΚΑΙ ΩΡΑ ΤΕΛΕΥΤΑΙΑΣ ΕΝΗΜΕΡΩΣΗΣ
Πεδίο ελέγχου 20250605163955.0
008 - FIXED-LENGTH DATA ELEMENTS--GENERAL INFORMATION
Πεδίο ελέγχου σταθερού μήκους 250528s ||||||||||||||||||||||||d
035 ## - SYSTEM CONTROL NUMBER
System control number 15429
020 ## - ISBN
ISBN 013746777X
040 ## - ΠΗΓΗ ΚΑΤΑΛΟΓΟΓΡΑΦΗΣΗΣ
Φορέας πρωτότυπης καταλογογράφησης MC Athens Campus Library
Γλώσσα καταλογογράφησης Ελληνικά, Μοντέρνα (1453-)
Modifying agency MC Athens Campus Library
Κανόνες περιγραφικής καταλογογράφησης AACR2
245 1# - ΤΙΤΛΟΣ ΚΑΙ ΔΗΛΩΣΗ ΥΠΕΥΘΥΝΟΤΗΤΑΣ
Τίτλος Quantitative Concepts for Management / Decision Making Without Algorithms: Third Edition
250 ## - EDITION STATEMENT
Edition statement 3rd
260 ## - PUBLICATION, DISTRIBUTION, ETC.
Name of publisher, distributor, etc. Prentice Hall,
Date of publication, distribution, etc. 1988
300 ## - PHYSICAL DESCRIPTION
Extent 760
505 0# - FORMATTED CONTENTS NOTE
Formatted contents note Preface, An Introduction to Models, Data and Models, Constrained Optimization Models, Formulation of Constrained Optimization Models, Formulation of Constrained Optimization Models, Geometric Representation of the Linear Programming Model, Linear Programs: Computer Analysis and Interpreting Sensitivity Output, Special LP Topics: Duality V(b) and V(c), Two Case Studies at PROTRAC Based on Computer Analysis of the Model, Multiple Objectives and Goal Programming, Integer Programming and Network Models and Quadratic Programming, Project Management: PERT and CPM, Calculus-Based Optimization and an Introduction to Nonlinear Programming, Decision Theory and Decision Trees, Inventory Control with Known Demand, Inventory Models with Probabilistic Demand, Forecasting, Simulation Models, Queuing Models, Dynamic Programming, Appendices, The Simple Algorithm, Index.
520 ## - SUMMARY, ETC.
Summary, etc. Preface, An Introduction to Models, Data and Models, Constrained Optimization Models, Formulation of Constrained Optimization Models, Formulation of Constrained Optimization Models, Geometric Representation of the Linear Programming Model, Linear Programs: Computer Analysis and Interpreting Sensitivity Output, Special LP Topics: Duality V(b) and V(c), Two Case Studies at PROTRAC Based on Computer Analysis of the Model, Multiple Objectives and Goal Programming, Integer Programming and Network Models and Quadratic Programming, Project Management: PERT and CPM, Calculus-Based Optimization and an Introduction to Nonlinear Programming, Decision Theory and Decision Trees, Inventory Control with Known Demand, Inventory Models with Probabilistic Demand, Forecasting, Simulation Models, Queuing Models, Dynamic Programming, Appendices, The Simple Algorithm, Index.
700 1# - ΠΡΟΣΘΕΤΗ ΑΝΑΓΡΑΦΗ--ΦΥΣΙΚΟ ΠΡΟΣΩΠΟ
Personal name Eppen Gary D
9 (RLIN) 1354
700 1# - ΠΡΟΣΘΕΤΗ ΑΝΑΓΡΑΦΗ--ΦΥΣΙΚΟ ΠΡΟΣΩΠΟ
Personal name Gould F.J
9 (RLIN) 1352
700 1# - ΠΡΟΣΘΕΤΗ ΑΝΑΓΡΑΦΗ--ΦΥΣΙΚΟ ΠΡΟΣΩΠΟ
Personal name Schmidt Charles
9 (RLIN) 1355
942 ## - ADDED ENTRY ELEMENTS (KOHA)
Koha item type Books
Holdings
Τύπος τεκμηρίου Βιβλιοθήκη Τρέχουσα τοποθεσία Barcode Αριθμός εισαγωγής Ημερομηνία απόκτησης Ταξιθετικό σύμβολο Αριθμός αντιτύπου Κατάσταση απόσυρσης Κατάσταση χαμένου Κατάσταση κατεστραμμένου Μη δανεισμός Σύνολο δανεισμών Ημερομηνία τελευταίας εμφάνισης Η τιμή ισχύει από
Books MC Athens Campus Library MC Athens Campus Library 9780000010087 1770 05/06/2025 658.4/033 GOU 1           05/06/2025 05/06/2025

MC Athens Campus Library
Πατησίων 94 & Κοδριγκτώνος 13, 104 34
Πελλήνης 8 & Πατησίων 107, 112 51
Τ: +30 210 8899600

MC Thessaloniki Campus Library
Ίωνος Δραγούμη 21, 54625 | Ίωνος Δραγούμη 15, 54625
Τ: +30 2310 287779 – Τ: +30 2314 440300